¡La sagrada comunión es mi vida!, ó, Cánticos de amor del alma fervorosa que se deleita en la santa comunión / por Huberto Lebón autor de diversos escritos piadosos ; traducida de la 31a. edición francesa por el P. López, de la Compañía de Jesús

Detalles Bibliográficos
Autor principal: Lebón, Huberto
Otros Autores: López, tr
Formato: Libro
Lenguaje:Spanish
Publicado: Paris ; México : librería de Ch. Bouret, 1888.
Edición:Segunda edición
Materias:
Colección:Banco de datos
Acervo:Biblioteca de la Orden de Carmelitas Descalzas de San José y Santa Teresa de Puebla. Puebla
Descripción Física:411 p. : il. ; 11 cm.
Tema general:Teología moral
Notas:Portada tipográfica con plecas. Incluye frontispicio. Encuadernación en piel sobre cartón
LEADER 01121nam a22002170004500
035 |a 245 
041 0 |a spa 
100 1 |a Lebón, Huberto 
245 1 0 |a ¡La sagrada comunión es mi vida!, ó, Cánticos de amor del alma fervorosa que se deleita en la santa comunión / por Huberto Lebón autor de diversos escritos piadosos ; traducida de la 31a. edición francesa por el P. López, de la Compañía de Jesús 
250 |a Segunda edición 
260 |a Paris ; México : librería de Ch. Bouret, 1888. 
300 |a 411 p. : il. ; 11 cm. 
500 |a Portada tipográfica con plecas. Incluye frontispicio. Encuadernación en piel sobre cartón  
504 |a Al final de la obra está el índice de contenido 
650 1 0 |a Teología moral 
700 1 |a López, tr. 
740 0 |a Cánticos de amor del alma fervorosa que se deleita en la santa comunión 
949 |a Fondo Bibliográfico Antiguo de las Carmelitas Descalzas de San José y Santa Teresa, Puebla, Puebla 382 
942 |c CARMELITAS 
943 |g Biblioteca de la Orden de Carmelitas Descalzas de San José y Santa Teresa de Puebla. Puebla 
999 |c 950704  |d 950704